LEADER 00606oam 2200169z- 450 001 9910693983803321 035 $a(CKB)4970000000019394 035 $a(EXLCZ)994970000000019394 100 $a20231010c2004uuuu -u- - 101 0 $aeng 200 10$aCombating terrorism : evaluation of selected characteristics in national strategies related to terrorism 210 $aWashington, D.C 517 $aCombating Terrorism 906 $aDOCUMENT 912 $a9910693983803321 996 $aCombating terrorism : evaluation of selected characteristics in national strategies related to terrorism$93153754 997 $aUNINA